| 000 | 00576nam a2200217 i 4500 | ||
|---|---|---|---|
| 001 | C2-0277593 | ||
| 003 | PPAK | ||
| 005 | 20180729000552.0 | ||
| 008 | 070122s2006 my |||| ||||| | eng d | ||
| 040 |
_aPPAK _beng _cPPAK _erda |
||
| 245 | 1 | 0 | _aMission Impossible III |
| 264 | 1 |
_aKuala Lumpur : _bParamount Pictures , _c[2006] |
|
| 336 |
_2rdacontent _atext |
||
| 337 |
_2rdamedia _aunmediated |
||
| 338 |
_2rdacarrier _avolume |
||
| 500 | _a1567/06 | ||
| 700 | _eauthor | ||
| 700 | 1 |
_aAbrams, J.J, _ecompile |
|
| 700 | 1 |
_aMarkey, Mary Jo, _eeditor |
|
| 942 |
_2ddc _cVCD |
||
| 999 |
_c165380 _d165380 |
||